000 00652nam a2200277Ia 4500
005 20260324144634.0
008 008 260324s9999 xx 000 0 eng d
020 _a9780429449376
037 _aEBOOK
040 _aCRL
040 _beng
040 _cCRL
041 _2eng
041 _aeng
084 _qCRL
100 _aStephen G. Jones
_91220063
245 4 _aThe British Labour Movement and Film, 1918-1939
260 _bTaylor and Francis
260 _c1987
365 _a
365 _b120
856 _uhttp://www.taylorfrancis.com/books/9780429449376
942 _cEBOOK
999 _c1826920
_d1826920